Comparison du rendement des differentes varietes du niebe (VIGNA UNGUICULATA(L.) WALP)a la station exsperimentale de l'university royale d'agriculutre, ការប្រៀបធៀបពូជសណ្តែកពូជសណ្តែកអង្គុយ((VIGNA UNGUICULATA(L.) WALP) ប្រភេទផ្សេងៗគ្នានៅស្ថានីយ៍ពិសោធន៍ដំណាំនៃសាកលវិទ្យាល័យភូមមិន្ធកសិកម្ម. (Record no. 1499)
[ view plain ]
| 000 -LEADER | |
|---|---|
| fixed length control field | 00859nam a22001577a 4500 |
| 003 - CONTROL NUMBER IDENTIFIER | |
| control field | OSt |
| 005 - DATE AND TIME OF LATEST TRANSACTION | |
| control field | 20150930100009.0 |
| 008 - FIXED-LENGTH DATA ELEMENTS--GENERAL INFORMATION | |
| fixed length control field | 150930b xxu||||| |||| 00| 0 eng d |
| 040 ## - CATALOGING SOURCE | |
| Transcribing agency | RUA |
| 082 ## - DEWEY DECIMAL CLASSIFICATION NUMBER | |
| Classification number | AGR HEN 2007 B062 Or.1 |
| 100 ## - MAIN ENTRY--PERSONAL NAME | |
| 9 (RLIN) | 1588 |
| Personal name | HENG, SOKLAING. |
| 245 ## - TITLE STATEMENT | |
| Title | Comparison du rendement des differentes varietes du niebe (VIGNA UNGUICULATA(L.) WALP)a la station exsperimentale de l'university royale d'agriculutre, ការប្រៀបធៀបពូជសណ្តែកពូជសណ្តែកអង្គុយ((VIGNA UNGUICULATA(L.) WALP) ប្រភេទផ្សេងៗគ្នានៅស្ថានីយ៍ពិសោធន៍ដំណាំនៃសាកលវិទ្យាល័យភូមមិន្ធកសិកម្ម. |
| 260 ## - PUBLICATION, DISTRIBUTION, ETC. (IMPRINT) | |
| Place of publication, distribution, etc. | phnom phen |
| Name of publisher, distributor, etc. | RUA |
| Date of publication, distribution, etc. | 2007 |
| 300 ## - PHYSICAL DESCRIPTION | |
| Extent | 43p. |
| Other physical details | ill. |
| Dimensions | 29cm. |
| 942 ## - ADDED ENTRY ELEMENTS (KOHA) | |
| Source of classification or shelving scheme | |
| Koha item type | AGR |
| Price effective from | Date last seen | Permanent Location | Not for loan | Date acquired | Source of classification or shelving scheme | Koha item type | Lost status | Withdrawn status | Date last checked out | Total Checkouts | Shelving location | Damaged status | Barcode | Current Location | Full call number |
|---|---|---|---|---|---|---|---|---|---|---|---|---|---|---|---|
| 2015-09-30 | 2015-09-30 | Library Block B | 2015-09-30 | AGR | B062 | RUA017665 | Library Block B | AGR HEN 2007 B062 Or.1 | |||||||
| 2015-09-30 | 2015-09-30 | Library Block B | 2015-09-30 | AGR | B062 | RUA017882 | Library Block B | AGR HEN 2007 B062 Or.2 | |||||||
| 2015-09-30 | 2015-09-30 | Library Block B | 2015-09-30 | AGR | B062 | RUA017523 | Library Block B | AGR HEN 2007 B062 Or.3 | |||||||
| 2015-09-30 | 2015-09-30 | Library Block B | 2015-09-30 | AGR | B062 | RUA005133 | Library Block B | AGR HEN 2007 B062 Or.4 | |||||||
| 2015-09-30 | 2020-01-21 | Library Block B | 2015-09-30 | AGR | 2019-12-28 | 1 | B062 | RUA005251 | Library Block B | AGR HEN 2007 B062 Or.5 | |||||
| 2015-09-30 | 2015-09-30 | Library Block B | 2015-09-30 | AGR | B062 | RUA005179 | Library Block B | AGR HEN 2007 B062 Or.6 | |||||||
| 2015-09-30 | 2015-09-30 | Library Block B | 2015-09-30 | AGR | B062 | RUA005107 | Library Block B | AGR HEN 2007 B062 Or.7 | |||||||
| 2016-01-26 | 2016-01-26 | Library Block B | 2016-01-26 | AGR | RUA047174 | Library Block B | AGR HEN 2007 B062 Or.8 |